000 nam a22 a 4500
999 _c3294
_d3294
005 20170522110653.0
008 170522b1989 - ||||| |||| 00| 0 eng d
020 _a0201178907
040 _aAKMAL
082 _a658.4 HEL
090 _a658.4
_bHEL
245 _aMANAGEMENT
_cHELLRIEGEL/SLOCUM
260 _aCANADA
_bADDISON-WESLEY PUBLISHING COMPANY
_c1989
300 _a812pg,;
942 _2ddc
_cBOOK